| 000 | 00600nam a2200181 a 4500 | ||
|---|---|---|---|
| 005 | 20140412111306.0 | ||
| 008 | 010502s19uu xx 00 eng d | ||
| 020 | _a981-209-119-X | ||
| 050 |
_aTR(PS E _bBu85Vi 1992 |
||
| 100 | _aChing, Pamela | ||
| 245 |
_aBubbles visits the dentist / _cwritten by Pamela Ching; with illustrations by Wai Heng Chin; editor -in-chief Sally Danielle Lee. |
||
| 260 |
_aSingapore : _bEarly Childhood Publications, _c1992. |
||
| 300 | _a24p. ; ill. | ||
| 440 | _aThe Bubbles' Library | ||
| 650 | _aDentists-Stories | ||
| 650 | _aDentists-Fiction | ||
| 999 |
_c103720 _d103720 |
||